000 00667nam a2200181Ia 4500
008 090630s9999 xx 000 0 und d
082 _b24409
100 _aजयपूरकर गंगाधर.
245 _aमाझी साहेब मंडळी.
_cजयपूरकर गंगाधर.
260 _bनिर्मल - नांदेड.
300 _a0
600 _aजयपूरकर गंगाधर.
630 _aमाझी साहेब मंडळी.
655 _aलघुकथा.
700 _aजयपूरकर गंगाधर.
730 _aमाझी साहेब मंडळी.
942 _cBOOK
999 _c276265
_d276265